MARC details
| 000 -LEADER |
| fixed length control field |
01397nam a22003375a 4500 |
| 005 - DATE AND TIME OF LATEST TRANSACTION |
| control field |
20201128023946.0 |
| 008 - FIXED-LENGTH DATA ELEMENTS--GENERAL INFORMATION |
| fixed length control field |
161030t2015 maua frb 001 0 eng d |
| 020 ## - INTERNATIONAL STANDARD BOOK NUMBER |
| International Standard Book Number |
9780128015957 |
| 040 ## - CATALOGING SOURCE |
| Original cataloging agency |
EG-ScBUE |
| Language of cataloging |
eng |
| Transcribing agency |
EG-ScBUE |
| Modifying agency |
EG-ScBUE |
| 082 04 - DEWEY DECIMAL CLASSIFICATION NUMBER |
| Classification number |
005.8 |
| Item number |
CLO |
| Edition number |
22 |
| 245 14 - TITLE STATEMENT |
| Title |
The Cloud security ecosystem : |
| Remainder of title |
technical, legal, business and management issues / |
| Statement of responsibility, etc |
Nurul Hidayah Ab Rahmabn ... [et al.] ; edited by Rayan Ko, Kim-Kwang Raymond Choo. |
| 260 ## - PUBLICATION, DISTRIBUTION, ETC. (IMPRINT) |
| Place of publication, distribution, etc |
Waltham : |
| Name of publisher, distributor, etc |
Syngress / Elsevier, |
| Date of publication, distribution, etc |
c.2015. |
| 300 ## - PHYSICAL DESCRIPTION |
| Extent |
xxxix, 530 p. : |
| Other physical details |
ill. ; |
| Dimensions |
25 cm. |
| 490 0# - Series Statement |
| Series statement |
Syngress advances topics in information security |
| 500 ## - GENERAL NOTE |
| General note |
Index : p. 519-530. |
| 504 ## - BIBLIOGRAPHY, ETC. NOTE |
| Bibliography, etc |
Includes bibliographical references. |
| 590 ## - LOCAL NOTE (RLIN) |
| Local note |
Suzan Ashmawy ; revised by Fouad.<br/> |
| 650 #7 - SUBJECT ADDED ENTRY--TOPICAL TERM |
| Topical term or geographic name as entry element |
Data protection. |
| Source of heading or term |
BUEsh |
| 9 (RLIN) |
41089 |
| 650 #7 - SUBJECT ADDED ENTRY--TOPICAL TERM |
| Topical term or geographic name as entry element |
Information technology |
| General subdivision |
Security measures. |
| Source of heading or term |
BUEsh |
| 650 #7 - SUBJECT ADDED ENTRY--TOPICAL TERM |
| Topical term or geographic name as entry element |
Internet |
| General subdivision |
Security measures. |
| Source of heading or term |
BUEsh |
| 9 (RLIN) |
3071 |
| 650 #7 - SUBJECT ADDED ENTRY--TOPICAL TERM |
| Topical term or geographic name as entry element |
Electronic data processing |
| General subdivision |
Distributed processing. |
| Source of heading or term |
BUEsh |
| 650 #7 - SUBJECT ADDED ENTRY--TOPICAL TERM |
| Topical term or geographic name as entry element |
Security systems. |
| Source of heading or term |
BUEsh |
| 650 #7 - SUBJECT ADDED ENTRY--TOPICAL TERM |
| Topical term or geographic name as entry element |
International IFIP-TC6 Networking Conference. |
| Source of heading or term |
BUEsh |
| 650 #7 - SUBJECT ADDED ENTRY--TOPICAL TERM |
| Topical term or geographic name as entry element |
Electronic data processing departments |
| General subdivision |
Security measures. |
| Source of heading or term |
BUEsh |
| 651 ## - SUBJECT ADDED ENTRY--GEOGRAPHIC NAME |
| Source of heading or term |
BUEsh |
| 653 ## - INDEX TERM--UNCONTROLLED |
| Resource For college |
Informatics and Computer Science |
| Arrived date list |
October2016 |
| 700 1# - ADDED ENTRY--PERSONAL NAME |
| Personal name |
Ko, Rayan, |
| Relator term |
editor. |
| 700 1# - ADDED ENTRY--PERSONAL NAME |
| Personal name |
Ab Rahman, Nurul Hidayah. |
| 700 ## - ADDED ENTRY--PERSONAL NAME |
| Personal name |
Choo, Kim-Kwang Raymond, |
| Relator term |
editor. |
| 9 (RLIN) |
5567 |
| 942 ## - ADDED ENTRY ELEMENTS (KOHA) |
| Source of classification or shelving scheme |
Dewey Decimal Classification |